000 01560cam a2200253 4500
001 ##L134274
008 060721n2006 000 0 eng u
035 _a(Sirsi) u134274
041 0 _aeng
050 0 4 _a711.52 $2 18
110 2 _aDrivers Jonas
_91941
245 0 0 _aHeritage works
_bthe use of historic buildings in regeneration
_ba toolkit of good practice
260 _aLondon
_bDrivers Jonas
_c2006
300 _a29p.
_bill.
_c30cm.
505 2 _aIntroduction -- Headline messages -- Context -- The economic case -- Using heritage assets in regeneration -- Consents regime for heritage assets -- Further sources of information.
520 _aThis study of listed buildings examines the case for heritage-led regeneration in England, and reviews the ingredients required for successful schemes. It provides a practical step-by-step guide on how to bring forward a heritage-led regeneration project, and identifies common pitfalls and advises on ways of avoiding or overcoming them. It can be used by developers, owners, community groups, professionals and others as a reference document or checklist for such schemes.
651 4 _aGREAT BRITAIN
690 _aPROPERTY-PROPERTY MANAGEMENT-REGENERATION
710 2 _aEnglish Heritage
_92714
710 2 _aRoyal Institution of Chartered Surveyors
_94900
710 2 _aBritish Property Federation
_91604
856 4 0 _uhttps://www.rics.org/Builtenvironment/Buildingmaintenanceandrefurbishment/Buildingconservation/heritageworks.htm
_zView the toolkit free of charge at www.rics.org...
942 _n0
999 _c105627
_d105627